Divus Franciscus Xaverius

Saved in:  
Bibliographic Details
Main Author: Libertin, Karel (Author)
Format: Print Book
Language:Latin
Subito Delivery Service: Order now.
Check availability: HBZ Gateway
Interlibrary Loan:Interlibrary Loan for the Fachinformationsdienste (Specialized Information Services in Germany)
Published: Vetus Praga [Verlag nicht ermittelbar] 1673
In:Year: 1673

MARC

LEADER 00000cam a22000002c 4500
001 1724245090
003 DE-627
005 20251226184948.0
007 tu
008 200710s1673 xx ||||| 00| ||lat c
035 |a (DE-627)1724245090 
035 |a (DE-599)BVBBV001445456 
035 |a (DE-604)BV001445456 
040 |a DE-627  |b ger  |c DE-627  |e rakwb 
041 |a lat 
082 0 |a 200.9  |q DE-604  |2 22/ger 
084 |a 1  |2 ssgn 
100 1 |a Libertin, Karel  |e VerfasserIn  |4 aut 
245 1 0 |a Divus Franciscus Xaverius 
264 1 |a Vetus Praga  |b [Verlag nicht ermittelbar]  |c 1673 
336 |a Text  |b txt  |2 rdacontent 
337 |a ohne Hilfsmittel zu benutzen  |b n  |2 rdamedia 
338 |a Band  |b nc  |2 rdacarrier 
935 |a mteo 
951 |a BO 
ELC |b 1 
LOK |0 000 xxxxxcx a22 zn 4500 
LOK |0 001 3723019668 
LOK |0 003 DE-627 
LOK |0 004 1724245090 
LOK |0 005 20200710090433 
LOK |0 008 200710||||||||||||||||ger||||||| 
LOK |0 035   |a (DE-Tue135)BVBBV001445456 
LOK |0 040   |a DE-Tue135  |c DE-627  |d DE-Tue135 
LOK |0 092   |o n 
LOK |0 852   |a DE-Tue135 
LOK |0 852 1  |9 00 
LOK |0 935   |a bsbo 
LOK |0 939   |a 10-07-20  |b l01 
ORI |a SA-MARC-ixtheoa001.raw 
REL |a 1 
SUB |a REL